书目信息 |
| 题名: |
超声诊断的临床应用
|
|
| 作者: | 邹贤华 著 | |
| 分册: | ||
| 出版信息: | 石家庄 河北人民出版社 1979 |
|
| 页数: | 173页 | |
| 开本: | 19cm | |
| 丛书名: | ||
| 单 册: | ||
| 中图分类: | R730.4 | |
| 科图分类: | ||
| 主题词: | 超声波诊断 , 肿瘤学 | |
| 电子资源: | ||
| ISBN: | ||
| 000 | 00605nam0 2200229 45 | |
| 001 | 0179008672 | |
| 005 | 20060815081717.50 | |
| 010 | @dCNY0.47 | |
| 091 | @a14086.99 | |
| 100 | @a19950803d1979 em y0chiy0121 ea | |
| 101 | 0 | @achi |
| 102 | @aCN@b130000 | |
| 105 | @ay z 000yy | |
| 200 | 10 | @a超声诊断的临床应用@Achao sheng zhen duan de lin chuang ying yong@f邹贤华著 |
| 210 | @a石家庄@c河北人民出版社@d1979 | |
| 215 | @a173页@d19cm | |
| 606 | @a超声波诊断 | |
| 606 | 0 | @a肿瘤学 |
| 690 | @aR730.4 | |
| 701 | 0 | @a邹贤华@Azou xian hua@4著 |
| 801 | 0 | @aCN@bNLC@c20060815 |
| 905 | @f1@b5534@dR730.4@e2 | |
| 超声诊断的临床应用/邹贤华著.-石家庄:河北人民出版社,1979 |
| 173页;19cm |
| ISBN :CNY0.47 |
| ● |
| 相关链接 |
|
|
|
|
正题名:超声诊断的临床应用
索取号:R730.4/2
 
预约/预借
| 序号 | 登录号 | 条形码 | 馆藏地/架位号 | 状态 | 备注 |
| 1 | 0005533 | 000716461 | 第二样本阅览室/ [索取号:R730.4/2] | 在馆 | |
| 2 | 0005534 | 000716513 | 第三借阅区/ [索取号:R730.4/2] | 在馆 | |
| 3 | 0458315 | 204583156 | 密集书库/ [索取号:R730.4/2] | 在馆 | |
| 4 | 0458316 | 204583165 | 密集书库/ [索取号:R730.4/2] | 在馆 | |
| 5 | 0458317 | 204583174 | 密集书库/ [索取号:R730.4/2] | 在馆 |